000 00600nam a22002177a 4500
005 20140310182803.0
008 130213t xxu||||| |||| 00| 0 eng d
020 _a9789810698539
050 _aBF 636.6
_b.G53 2008
100 _aGibson, Robert L.
245 _aIntroduction to counseling and guidance /
_cRobert L. Gibson.
250 _a7th ed.
260 _aUpper Saddle River, NJ :
_bPearson/Merill Prentice Hall,
_c2008.
300 _a523 p. :
_c24 cm.
521 _aPSYCH
650 _aCounseling
650 _aGuidance
942 _2lcc
_cBK
_kFOR
999 _c16018
_d16018